000 00608nam a22001937a 4500
003 OSt
005 20210203095544.0
008 210120s1930 ||||| |||| 00| 0 eng d
040 _aeng
_beng
_cDLC
041 _aeng
080 _a821.111
_bL-95
100 _9668
_aLowes, Livingston John
245 _aThe Road to Xanadu
_c: A Study in the Ways of the Imagination
_b/ by: Houghton Mifflin Company
260 _aBoston
_bHoughton Mifflin Company
_c1930
300 _a637 p.
_bill.
650 0 _9247
_aEnglish literature
653 _aინგლისური ლიტერატურა
942 _2udc
_cBK
999 _c1151
_d1151